000 00554nab a2200217 a 4500
001 18621
003 48395
005 20201118095745.0
008 ||||||n9999 ||| || ||
110 _aThe New York Times
245 2 _aA nuevo ministro, nuevas esperanzas
300 _app. 8,10,12
562 _e0
650 _aANALISIS
650 _aCONTROL DE CAMBIOS
650 _aPOLÍTICA DE CONTROL DE LA INFLACIÓN
650 _aPOLÍTICAS
650 _aREFORMA ECONÓMICA
773 _018620
_aSumma Internacional - No.48
942 _cSART
999 _c18621
_d18621